00656naa a2200181 a 450000100080000000500110000800800410001910000140006024500760007426000090015052001710015965000120033065000160034265000170035870000160037570000180039177300650040915175932013-12-27 1996 bl uuuu u00u1 u #d1 aCHAND, L. aRelationship among different genetic groups for growth traits in goats. c1996 aAlso to study the relationship among various genetic groups a linear discriminant function technique of Rao (1952) has been used for grouping the like genetic groups. aCaprino aCrescimento aMelhoramento1 aWAHI, S. D.1 aBHATIA, V. K. tIndian Journal of Dairy Sciencegv.49, n.8, p.511-516, 1996.